Guess my 50 most streamed albums - Statistics

General Stats
  • This quiz has been taken 6 times
  • The average score is 27 of 50
Answer Stats
Rank Artist Answer % Correct
36 Bruce Springsteen Born In The U.S.A
100%
3 Eagles Hotel California
100%
8 Led Zeppelin Led Zeppelin IV
100%
31 Nirvana Nevermind
100%
26 The Beatles Revolver
100%
7 Fleetwood Mac Rumours
100%
4 Pink Floyd The Dark Side Of The Moon
100%
1 Pink Floyd The Wall
100%
27 The Beatles Abbey Road
80%
20 Arctic Monkeys AM
80%
32 R.E.M Automatic for the People
80%
24 Red Hot Chili Peppers Californication
80%
44 Daft Punk Discovery
80%
47 Radiohead In Rainbows
80%
11 Radiohead OK Computer
80%
40 Gorillaz Plastic Beach
80%
9 Daft Punk Random Access Memories
80%
37 The Weeknd Starboy
80%
45 The Beatles The Beatles
80%
17 Billie Eilish When We All Fall Asleep, Where Do We Go?
80%
13 Pink Floyd Wish You Were Here
80%
46 Amy Winehouse Back To Black
60%
14 Dire Straits Brothers in Arms
60%
5 Tame Impala Current
60%
10 The Cure Disintegration
60%
42 Guns N' Roses Use Your Illusion I
60%
33 Depeche Mode Violator
60%
6 The Weeknd After Hours
40%
25 ABBA Arrival
40%
28 Supertramp Breakfast In America
40%
50 Pink Floyd Meddle
40%
39 MGMT Oracular Spectacular
40%
43 Fleetwood Mac Tango In the Night
40%
18 Tame Impala The Slow Rush
40%
16 Wings Venus and Mars
40%
34 Indochine 13
20%
49 Scorpions Crazy World
20%
30 Imagine Dragons Evolve
20%
19 Alphaville Forever Young
20%
35 Kungs Layers
20%
29 Rammstein Rammstein
20%
2 Pink Floyd The Division Bell
20%
41 Shaka Ponk The Geeks And The Jerkin' Socks
20%
48 The Stone Roses The Stone Roses
20%
21 Rammstein Zeit
20%
38 Supertramp Even in the Quietest Moments
0%
23 M83 Hurry up, We're Dreaming
0%
15 Imagine Dragons Origin
0%
22 David Bowie The Rise and Fall of Ziggy Stardust and ths Spiders from Mars
0%
12 Rammstein XXI - Klavier
0%
No matching quizzes found
Score Distribution
Percent of People with Each Score
Percentile by Number Answered
Your Score History
You have not taken this quiz